[Event "Imola op 3rd"]
[Site "Imola"]
[Date "2020.12.06"]
[Round "3"]
[White "Govoni, Fausto"]
[Black "Rotondaro, Alberto"]
[Result "1/2-1/2"]
[WhiteElo "2077"]
[BlackElo "1956"]
[PlyCount "59"]
[EventDate "2020.12.05"]
[EventType "swiss"]
[EventRounds "6"]
[EventCountry "ITA"]
[SourceTitle "CBM 199 Extra"]
[Source "ChessBase"]
[SourceDate "2021.01.31"]
[SourceVersion "1"]
[SourceVersionDate "2021.01.31"]
[SourceQuality "1"]

1. e4 c5 2. Nc3 Nc6 3. Bb5 Nd4 4. Bc4 e6 5. Nf3 a6 6. a4 Nf6 7. b3 d5 8. Bd3 Nc6 9. exd5 exd5 10. 0-0 Be7 11. Re1 0-0 12. h3 Bd6 13. Bf1 Bf5 14. d3 h6 15. Bd2 Qc7 16. Qc1 Rac8 17. Ne2 Rfe8 18. g3 Qd7 19. Kh2 Ne5 20. Nxe5 Bxe5 21. Bc3 Bxc3 22. Nxc3 d4 23. Ne2 Nd5 24. Qd2 Re7 25. Ng1 Rce8 26. Rxe7 Rxe7 27. Re1 Rxe1 28. Qxe1 Qe6 29. Qd2 Nc3 30. Bg2 1/2-1/2

[Event "ITA-chT"]
[Site "Arvier"]
[Date "2012.04.29"]
[Round "4"]
[White "Parpinel, Marco"]
[Black "Govoni, Fausto"]
[Result "1-0"]
[WhiteElo "2157"]
[BlackElo "2197"]
[PlyCount "62"]
[EventDate "2012.04.27"]
[EventType "team-swiss"]
[EventRounds "7"]
[EventCountry "ITA"]
[SourceTitle "CBM 148 Extra"]
[Source "ChessBase"]
[SourceDate "2012.06.22"]
[SourceVersion "1"]
[SourceVersionDate "2012.06.22"]
[SourceQuality "1"]
[WhiteTeam "Latina"]
[BlackTeam "Bologna Italiana"]
[WhiteTeamCountry "ITA"]
[BlackTeamCountry "ITA"]

1. e4 c5 2. Nf3 d6 3. d4 cxd4 4. Qxd4 Nc6 5. Bb5 Bd7 6. Bxc6 Bxc6 7. Nc3 Nf6 8. Bg5 Qb6 9. Qd3 e6 10. 0-0 Be7 11. Nd4 a6 12. Nxc6 bxc6 13. b3 0-0 14. Rad1 Rad8 15. Kh1 Rfe8 16. f4 Ng4 17. Bxe7 Rxe7 18. Rd2 Ree8 19. h3 Nf6 20. Rfd1 d5 21. e5 Nd7 22. Na4 Qa5 23. c4 f6 24. Qe3 fxe5 25. fxe5 Rf8 26. cxd5 cxd5 27. Qg5 Rf5 28. Rxd5 Qc7 29. Qxf5 exf5 30. e6 Qc2 31. exd7 f4 1-0

[Event "ITA-ch sf 69th"]
[Site "Arvier"]
[Date "2009.10.04"]
[Round "9"]
[White "Molina, Fabrizio"]
[Black "Govoni, Fausto"]
[Result "1/2-1/2"]
[WhiteElo "2239"]
[BlackElo "2210"]
[PlyCount "94"]
[EventDate "2009.09.26"]
[EventType "swiss"]
[EventRounds "9"]
[EventCountry "ITA"]
[SourceTitle "CBM 132 Extra"]
[Source "ChessBase"]
[SourceDate "2009.11.03"]
[SourceVersion "1"]
[SourceVersionDate "2009.11.03"]
[SourceQuality "1"]

1. Nf3 f5 2. c4 Nf6 3. g3 d6 4. Bg2 e5 5. d3 g6 6. Nc3 Bg7 7. Rb1 0-0 8. 0-0 c6 9. b4 h6 10. c5 dxc5 11. Qb3+ Kh7 12. Nxe5 cxb4 13. Qxb4 Nd5 14. Nxd5 Bxe5 15. Qe7+ Qxe7 16. Nxe7 b6 17. Nxc6 Nxc6 18. Bxc6 Rb8 19. Rb5 Bd6 20. Bf4 Bxf4 21. gxf4 Bb7 22. Bxb7 Rxb7 23. Rc1 Rd8 24. Re5 Rd4 25. Rc6 Ra4 26. Ree6 Rxa2 27. d4 Rd2 28. e3 b5 29. Rxg6 b4 30. Rxh6+ Kg7 31. Rcg6+ Kf8 32. Rh8+ Kf7 33. Rgh6 Rb5 34. R8h7+ Kg8 35. Rh8+ Kf7 36. R8h7+ Kg8 37. Rxa7 b3 38. Rg6+ Kh8 39. Rh6+ Kg8 40. Rg6+ Kh8 41. Re6 Rb8 42. Rh6+ Kg8 43. Rah7 Rb5 44. Rh8+ Kf7 45. R8h7+ Kg8 46. Rh8+ Kf7 47. R8h7+ Kg8 1/2-1/2

[Event "ITA-ch sf 69th"]
[Site "Arvier"]
[Date "2009.09.29"]
[Round "4"]
[White "Pompilio, Gaetano"]
[Black "Govoni, Fausto"]
[Result "0-1"]
[WhiteElo "1927"]
[BlackElo "2210"]
[PlyCount "74"]
[EventDate "2009.09.26"]
[EventType "swiss"]
[EventRounds "9"]
[EventCountry "ITA"]
[SourceTitle "CBM 132 Extra"]
[Source "ChessBase"]
[SourceDate "2009.11.03"]
[SourceVersion "1"]
[SourceVersionDate "2009.11.03"]
[SourceQuality "1"]

1. e3 g6 2. d4 Bg7 3. Bd3 d5 4. c3 f5 5. f4 Nf6 6. Nf3 0-0 7. 0-0 b6 8. Qe2 c5 9. Nbd2 Bb7 10. b4 Ne4 11. Bb2 Nc6 12. a3 Qc8 13. Ne5 Nxe5 14. fxe5 a5 15. bxc5 Nxd2 16. Qxd2 bxc5 17. c4 Qe6 18. cxd5 Bxd5 19. Rac1 c4 20. Be2 Rfb8 21. Rc3 Rb7 22. Rfc1 Rab8 23. Ba1 Rb1 24. Qc2 Rxc1+ 25. Qxc1 Bh6 26. Kf2 Kg7 27. Bxc4 f4 28. exf4 Bxc4 29. Rxc4 Bxf4 30. Qc2 Rf8 31. g3 Bxe5+ 32. Kg1 Bf6 33. Bb2 Qe1+ 34. Kg2 Be5 35. Qd3 Rf2+ 36. Kh3 Qh1 37. dxe5 Qxh2+ 0-1

[Event "ITA-ch sf 69th"]
[Site "Arvier"]
[Date "2009.09.28"]
[Round "3"]
[White "Govoni, Fausto"]
[Black "Sibilio, Mario"]
[Result "0-1"]
[WhiteElo "2210"]
[BlackElo "2345"]
[PlyCount "88"]
[EventDate "2009.09.26"]
[EventType "swiss"]
[EventRounds "9"]
[EventCountry "ITA"]
[SourceTitle "CBM 132 Extra"]
[Source "ChessBase"]
[SourceDate "2009.11.03"]
[SourceVersion "1"]
[SourceVersionDate "2009.11.03"]
[SourceQuality "1"]

1. e4 d6 2. d4 g6 3. Nc3 a6 4. Be3 b5 5. Qd2 Bb7 6. f3 Nd7 7. a4 bxa4 8. Nxa4 e6 9. Bd3 Ngf6 10. Ne2 h6 11. 0-0 Bg7 12. Ra2 g5 13. Ng3 g4 14. f4 h5 15. e5 Nd5 16. c4 Nxe3 17. Qxe3 c5 18. dxc5 dxe5 19. Be4 h4 20. Bxb7 hxg3 21. Qxg3 f5 22. Rd1 Ra7 23. c6 Rxb7 24. cxb7 Qc7 25. Qb3 exf4 26. c5 Kf7 27. Rd6 Nxc5 28. Qb6 Qxb6 29. Nxb6 Be5 30. Rd1 f3 31. g3 Bc7 32. Nc4 Kf6 33. b4 Ne4 34. Rxa6 f4 35. Nd2 Nc3 36. Rc6 Ne2+ 37. Kf1 Rxh2 38. Ne4+ Ke5 39. Rxc7 Kxe4 40. Rc4+ Ke3 41. Rc3+ Nxc3 42. Kg1 fxg3 43. b8Q Ne2+ 44. Kf1 Rh1# 0-1

[Event "ITA-ch sf 69th"]
[Site "Arvier"]
[Date "2009.09.26"]
[Round "1"]
[White "Govoni, Fausto"]
[Black "Rombaldoni, Axel"]
[Result "1-0"]
[WhiteElo "2210"]
[BlackElo "2451"]
[PlyCount "113"]
[EventDate "2009.09.26"]
[EventType "swiss"]
[EventRounds "9"]
[EventCountry "ITA"]
[SourceTitle "CBM 132 Extra"]
[Source "ChessBase"]
[SourceDate "2009.11.03"]
[SourceVersion "1"]
[SourceVersionDate "2009.11.03"]
[SourceQuality "1"]

1. e4 c5 2. Nc3 Nc6 3. f4 e6 4. Nf3 d5 5. d3 f5 6. exd5 exd5 7. d4 Nf6 8. Be3 c4 9. g3 Be7 10. Be2 0-0 11. 0-0 Ng4 12. Bc1 Rb8 13. h3 Nf6 14. Be3 b5 15. Ne5 Qb6 16. Bf3 Be6 17. Bf2 Rfd8 18. Ne2 a5 19. g4 Ne4 20. Bxe4 dxe4 21. d5 e3 22. Nxc6 exf2+ 23. Kh2 Bc5 24. Nxd8 Rxd8 25. dxe6 Rxd1 26. Raxd1 Qxe6 27. Nd4 Qe4 28. c3 Qxf4+ 29. Kg2 fxg4 30. hxg4 Bd6 31. Ne2 Qxg4+ 32. Kxf2 Be7 33. Nd4 Bh4+ 34. Ke3 Bg5+ 35. Kf2 Bh4+ 36. Ke3 Qg5+ 37. Kf3 Qg3+ 38. Ke4 Qg2+ 39. Rf3 g5 40. Ke5 Bg3+ 41. Kf6 Bc7 42. Ke7 h6 43. Re1 Kh7 44. Re6 Bf4 45. Kf6 Qg4 46. Re7+ Kg8 47. Re8+ Kh7 48. Ne6 Bd6 49. Rf5 Qh4 50. Nf8+ Bxf8 51. Rxf8 g4+ 52. Ke6 g3 53. R5f7+ Kg6 54. Rg8+ Kh5 55. Rf5+ Qg5 56. Rfxg5+ hxg5 57. Kf5 1-0

[Event "Bologna-ch assoluto"]
[Site "Ozzano dell Emilia "]
[Date "2004.10.23"]
[Round "5"]
[White "Mascellani, Marco"]
[Black "Govoni, Fausto"]
[Result "0-1"]
[WhiteElo "2271"]
[BlackElo "2280"]
[PlyCount "58"]
[EventDate "2004.10.16"]
[EventType "tourn"]
[EventRounds "7"]
[EventCountry "ITA"]
[SourceTitle "EXT 2008"]
[Source "ChessBase"]
[SourceDate "2007.11.25"]
[SourceVersion "1"]
[SourceVersionDate "2007.11.25"]
[SourceQuality "1"]

1. d4 f5 2. g4 fxg4 3. h3 d5 4. hxg4 Bxg4 5. Nc3 Nf6 6. Qd3 Qd7 7. f3 Bf5 8. e4 Bg6 9. Bg5 dxe4 10. fxe4 Qg4 11. Bxf6 exf6 12. Bh3 Qh4+ 13. Kd1 Qg5 14. d5 Nd7 15. Bxd7+ Kxd7 16. Qh3+ f5 17. Nf3 Qf4 18. e5 Be7 19. e6+ Kc8 20. Rf1 Rd8 21. Nd2 Qg5 22. Qd3 c6 23. a3 Kc7 24. Qd4 Bf6 25. Nb5+ Kb8 26. Nf3 Bh5 27. e7 Bxd4 28. exd8Q+ Qxd8 29. Nbxd4 Qxd5 0-1